[Event "T-Director's Swiss sytem"]
[Site "playchess.com #662980"]
[Date "2014.03.16"]
[Round "6"]
[White "Seewald"]
[Black "Moustafa"]
[Result "0-1"]
[WhiteElo "1743"]
[BlackElo "2059"]
[PlyCount "92"]
[EventDate "2014.03.16"]
[EventType "swiss (blitz)"]

1. Nc3 {[%emt 0:00:04]} f5 {[%emt 0:00:01]} 2. e4 {[%emt 0:00:26]} fxe4 {[%emt
0:00:02]} 3. d3 {[%emt 0:00:19]} e3 {[%emt 0:00:08]} 4. fxe3 {[%emt 0:00:03]}
Nf6 {[%emt 0:00:02]} 5. Nf3 {[%emt 0:00:01]} Nc6 {[%emt 0:00:02]} 6. e4 {[%emt
0:00:02]} e5 {[%emt 0:00:02]} 7. Bg5 {[%emt 0:00:02]} Be7 {[%emt 0:00:02]} 8.
Be2 {[%emt 0:00:01]} O-O {[%emt 0:00:01]} 9. O-O {[%emt 0:00:01]} d6 {[%emt 0:
00:03]} 10. d4 {[%emt 0:00:05]} exd4 {[%emt 0:00:08]} 11. Nxd4 {[%emt 0:00:00]}
Nxd4 {[%emt 0:00:25]} 12. Qxd4 {[%emt 0:00:00]} Nd7 {[%emt 0:00:06]} 13. Bxe7 {
[%emt 0:00:06]} Qxe7 {[%emt 0:00:02]} 14. Nd5 {[%emt 0:00:02]} Rxf1+ {[%emt 0:
00:07]} 15. Rxf1 {[%emt 0:00:01]} Qd8 {[%emt 0:00:01]} 16. Bc4 {[%emt 0:00:03]}
Kh8 {[%emt 0:00:06]} 17. Nf4 {[%emt 0:00:46]} Ne5 {[%emt 0:00:05]} 18. Bb3 {
[%emt 0:00:01]} Bd7 {[%emt 0:00:07]} 19. Qe3 {[%emt 0:00:45]} Qh4 {[%emt 0:00:
16]} 20. g3 {[%emt 0:00:03]} Qxh2+ {[%emt 0:00:03]} 21. Kxh2 {[%emt 0:00:02]}
Ng4+ {[%emt 0:00:01]} 22. Kg1 {[%emt 0:00:02]} Nxe3 {[%emt 0:00:01]} 23. Re1 {
[%emt 0:00:02]} Ng4 {[%emt 0:00:04]} 24. Nd5 {[%emt 0:00:07]} c6 {[%emt 0:00:
07]} 25. Nc3 {[%emt 0:00:02]} Rd8 {[%emt 0:00:16]} 26. Rf1 {[%emt 0:00:02]} Nf6
{[%emt 0:00:09]} 27. Kf2 {[%emt 0:00:08]} h6 {[%emt 0:00:18]} 28. Ke3 {[%emt 0:
00:03]} Re8 {[%emt 0:00:03]} 29. Rf4 {[%emt 0:00:17]} Be6 {[%emt 0:00:14]} 30.
Ne2 {[%emt 0:00:07]} Bxb3 {[%emt 0:00:02]} 31. axb3 {[%emt 0:00:00]} Nd5+ {
[%emt 0:00:01]} 32. Kf3 {[%emt 0:00:02]} Nxf4 {[%emt 0:00:01]} 33. gxf4 {[%emt
0:00:00]} Kg8 {[%emt 0:00:03]} 34. Nd4 {[%emt 0:00:02]} g6 {[%emt 0:00:04]} 35.
f5 {[%emt 0:00:02]} Kf7 {[%emt 0:00:17]} 36. fxg6+ {[%emt 0:00:02]} Kxg6 {
[%emt 0:00:01]} 37. Nf5 {[%emt 0:00:00]} d5 {[%emt 0:00:07]} 38. Nd6 {[%emt 0:
00:01]} dxe4+ {[%emt 0:00:07]} 39. Ke3 {[%emt 0:00:04]} Re7 {[%emt 0:00:05]}
40. Nc8 {[%emt 0:00:02]} Re5 {[%emt 0:00:05]} 41. Nxa7 {[%emt 0:00:00]} h5 {
[%emt 0:00:01]} 42. Nc8 {[%emt 0:00:06]} h4 {[%emt 0:00:02]} 43. Nd6 {[%emt 0:
00:00]} h3 {[%emt 0:00:02]} 44. Kf2 {[%emt 0:00:01]} e3+ {[%emt 0:00:01]} 45.
Ke2 {[%emt 0:00:03]} h2 {[%emt 0:00:01]} 46. Nc4 {[%emt 0:00:00]} Re8 {[%emt 0:
00:04] Seewald geeft op} 0-1

[Event "T-Director's Swiss sytem"]
[Site "playchess.com #662980"]
[Date "2014.03.16"]
[Round "5"]
[White "Shrek2"]
[Black "Borjigin"]
[Result "1-0"]
[WhiteElo "1874"]
[BlackElo "1661"]
[PlyCount "67"]
[EventDate "2014.03.16"]
[EventType "swiss (blitz)"]

1. c4 {[%emt 0:00:00]} e5 {[%emt 0:00:02]} 2. Nc3 {[%emt 0:00:00]} Nf6 {[%emt
0:00:01]} 3. Nf3 {[%emt 0:00:01]} Nc6 {[%emt 0:00:03]} 4. e3 {[%emt 0:00:01]}
e4 {[%emt 0:00:02]} 5. Ng5 {[%emt 0:00:01]} Qe7 {[%emt 0:00:06]} 6. Qc2 {[%emt
0:00:02]} Nb4 {[%emt 0:00:03]} 7. Qb1 {[%emt 0:00:01]} d5 {[%emt 0:00:05]} 8.
cxd5 {[%emt 0:00:01]} Bf5 {[%emt 0:00:01]} 9. f3 {[%emt 0:00:03]} h6 {[%emt 0:
00:08]} 10. Ngxe4 {[%emt 0:00:10]} Nxe4 {[%emt 0:00:01]} 11. fxe4 {[%emt 0:00:
01]} Bg4 {[%emt 0:00:04]} 12. a3 {[%emt 0:00:08]} Na6 {[%emt 0:00:05]} 13. b4 {
[%emt 0:00:06]} g6 {[%emt 0:00:07]} 14. Bb2 {[%emt 0:00:03]} Bg7 {[%emt 0:00:
01]} 15. Bd3 {[%emt 0:00:05]} Qh4+ {[%emt 0:00:05]} 16. g3 {[%emt 0:00:03]} Qh3
{[%emt 0:00:01]} 17. Bf1 {[%emt 0:00:12]} Qh5 {[%emt 0:00:03]} 18. Nb5 {[%emt
0:00:08]} O-O {[%emt 0:00:03]} 19. Bxg7 {[%emt 0:00:02]} Kxg7 {[%emt 0:00:01]}
20. Bg2 {[%emt 0:00:13]} Be2 {[%emt 0:00:09]} 21. Nd4 {[%emt 0:00:03]} Bg4 {
[%emt 0:00:12]} 22. O-O {[%emt 0:00:04]} Rab8 {[%emt 0:00:05]} 23. Nf3 {[%emt
0:00:25]} Bh3 {[%emt 0:00:07]} 24. Qb2+ {[%emt 0:00:11]} Kg8 {[%emt 0:00:04]}
25. Qf6 {[%emt 0:00:19]} Bxg2 {[%emt 0:00:08]} 26. Kxg2 {[%emt 0:00:01]} Rbc8 {
[%emt 0:00:03]} 27. Ne5 {[%emt 0:00:07]} g5 {[%emt 0:00:18]} 28. Rf5 {[%emt 0:
00:10]} Rcd8 {[%emt 0:00:16]} 29. Raf1 {[%emt 0:00:13]} Rd6 {[%emt 0:00:02]}
30. Qe7 {[%emt 0:00:02]} Nb8 {[%emt 0:00:56]} 31. Nxf7 {[%emt 0:00:09]} Rd7 {
[%emt 0:00:02]} 32. Nxh6+ {[%emt 0:00:01]} Qxh6 {[%emt 0:00:06]} 33. Rxf8+ {
[%emt 0:00:02]} Qxf8 {[%emt 0:00:05]} 34. Rxf8# {[%emt 0:00:02]} 1-0

[Event "T-Director's Swiss sytem"]
[Site "playchess.com #662980"]
[Date "2014.03.16"]
[Round "1"]
[White "Shrek2"]
[Black "El Viento"]
[Result "1-0"]
[WhiteElo "1870"]
[BlackElo "1071"]
[PlyCount "29"]
[EventDate "2014.03.16"]
[EventType "swiss (blitz)"]

1. c4 {[%emt 0:00:02]} g6 {[%emt 0:00:01]} 2. Nc3 {[%emt 0:00:00]} Bg7 {[%emt
0:00:02]} 3. d4 {[%emt 0:00:02]} e6 {[%emt 0:00:02]} 4. e4 {[%emt 0:00:01]} Ne7
{[%emt 0:00:02]} 5. Bg5 {[%emt 0:00:02]} O-O {[%emt 0:00:03]} 6. Be2 {[%emt 0:
00:01]} d6 {[%emt 0:00:06]} 7. Qd2 {[%emt 0:00:01]} Nd7 {[%emt 0:00:02]} 8. Nf3
{[%emt 0:00:04]} b6 {[%emt 0:00:03]} 9. h4 {[%emt 0:00:02]} Bb7 {[%emt 0:00:02]
} 10. h5 {[%emt 0:00:01]} e5 {[%emt 0:00:20]} 11. Bh6 {[%emt 0:00:08]} exd4 {
[%emt 0:00:13]} 12. hxg6 {[%emt 0:00:05]} Nxg6 {[%emt 0:00:08]} 13. Bxg7 {
[%emt 0:00:01]} Kxg7 {[%emt 0:00:02]} 14. Qh6+ {[%emt 0:00:06]} Kg8 {[%emt 0:
00:08]} 15. Qxh7# {[%emt 0:00:02]} 1-0

[Event "T-Director's Swiss sytem"]
[Site "playchess.com #662980"]
[Date "2014.03.16"]
[Round "7"]
[White "Shrek2"]
[Black "Marcelciubotariu"]
[Result "1-0"]
[WhiteElo "1855"]
[BlackElo "1690"]
[PlyCount "65"]
[EventDate "2014.03.16"]
[EventType "swiss (blitz)"]

1. c4 {[%emt 0:00:02]} f5 {[%emt 0:00:03]} 2. Nc3 {[%emt 0:00:01]} Nf6 {[%emt
0:00:04]} 3. e4 {[%emt 0:00:01]} fxe4 {[%emt 0:00:03]} 4. g4 {[%emt 0:00:04]}
h6 {[%emt 0:00:07]} 5. Bg2 {[%emt 0:00:03]} Nc6 {[%emt 0:00:13]} 6. Nxe4 {
[%emt 0:00:03]} Nxe4 {[%emt 0:00:04]} 7. Bxe4 {[%emt 0:00:01]} e6 {[%emt 0:00:
09]} 8. Bg6+ {[%emt 0:00:02]} Ke7 {[%emt 0:00:05]} 9. Nf3 {[%emt 0:00:15]} d6 {
[%emt 0:00:09]} 10. d4 {[%emt 0:00:04]} e5 {[%emt 0:00:05]} 11. h3 {[%emt 0:00:
02]} exd4 {[%emt 0:00:05]} 12. Nxd4 {[%emt 0:00:02]} Nxd4 {[%emt 0:00:03]} 13.
Qxd4 {[%emt 0:00:02]} Be6 {[%emt 0:00:02]} 14. O-O {[%emt 0:00:06]} Kd7 {[%emt
0:00:03]} 15. Re1 {[%emt 0:00:02]} Qf6 {[%emt 0:00:23]} 16. Qe4 {[%emt 0:00:17]
} c6 {[%emt 0:00:17]} 17. Bd2 {[%emt 0:00:10]} Bf7 {[%emt 0:00:03]} 18. Bf5+ {
[%emt 0:00:03]} Kc7 {[%emt 0:00:03]} 19. Bc3 {[%emt 0:00:03]} Qh4 {[%emt 0:00:
15]} 20. Kg2 {[%emt 0:00:09]} Re8 {[%emt 0:00:02]} 21. Qf4 {[%emt 0:00:14]} Qg5
{[%emt 0:00:09]} 22. Qg3 {[%emt 0:00:06]} Rxe1 {[%emt 0:00:14]} 23. Rxe1 {
[%emt 0:00:01]} Bxc4 {[%emt 0:00:01]} 24. Re8 {[%emt 0:00:17]} Bd5+ {[%emt 0:
00:02]} 25. Kh2 {[%emt 0:00:03]} Qc1 {[%emt 0:00:04]} 26. Rc8+ {[%emt 0:00:12]}
Kb6 {[%emt 0:00:04]} 27. Ba5+ {[%emt 0:01:13]} Kxa5 {[%emt 0:00:55]} 28. Qa3+ {
[%emt 0:00:04]} Kb6 {[%emt 0:00:02]} 29. Qb4+ {[%emt 0:00:06]} Ka6 {[%emt 0:00:
04]} 30. Bd3+ {[%emt 0:00:02]} b5 {[%emt 0:00:02]} 31. Bxb5+ {[%emt 0:00:53]}
cxb5 {[%emt 0:00:04]} 32. Rxc1 {[%emt 0:00:02]} Bb7 {[%emt 0:01:10]} 33. a4 {
[%emt 0:00:04] Marcelciubotariu resigns} 1-0

[Event "T-Director's Swiss sytem"]
[Site "playchess.com #662980"]
[Date "2014.03.16"]
[Round "3"]
[White "Shrek2"]
[Black "degondo"]
[Result "1-0"]
[WhiteElo "1869"]
[BlackElo "1762"]
[PlyCount "115"]
[EventDate "2014.03.16"]
[EventType "swiss (blitz)"]

1. c4 {[%emt 0:00:04]} Nf6 {[%emt 0:00:02]} 2. Nc3 {[%emt 0:00:13]} c6 {[%emt
0:00:01]} 3. e4 {[%emt 0:00:01]} d5 {[%emt 0:00:01]} 4. e5 {[%emt 0:00:01]} d4
{[%emt 0:00:02]} 5. exf6 {[%emt 0:00:01]} dxc3 {[%emt 0:00:02]} 6. bxc3 {[%emt
0:00:01]} exf6 {[%emt 0:00:05]} 7. Nf3 {[%emt 0:00:02]} Bd6 {[%emt 0:00:03]} 8.
d4 {[%emt 0:00:03]} O-O {[%emt 0:00:02]} 9. Bd3 {[%emt 0:00:01]} Re8+ {[%emt 0:
00:01]} 10. Be2 {[%emt 0:00:05]} Qa5 {[%emt 0:00:03]} 11. Bd2 {[%emt 0:00:06]}
c5 {[%emt 0:00:03]} 12. O-O {[%emt 0:00:02]} Bg4 {[%emt 0:00:05]} 13. h3 {
[%emt 0:00:09]} Bh5 {[%emt 0:00:06]} 14. Rb1 {[%emt 0:00:10]} b6 {[%emt 0:00:
16]} 15. a4 {[%emt 0:00:13]} Nc6 {[%emt 0:00:09]} 16. g4 {[%emt 0:00:07]} Bg6 {
[%emt 0:00:05]} 17. Rb5 {[%emt 0:00:00]} Qa6 {[%emt 0:00:02]} 18. Nh4 {[%emt 0:
00:09]} Rad8 {[%emt 0:00:10]} 19. Nxg6 {[%emt 0:00:08]} hxg6 {[%emt 0:00:04]}
20. Bf3 {[%emt 0:00:02]} Na5 {[%emt 0:00:09]} 21. Bd5 {[%emt 0:00:06]} Bb8 {
[%emt 0:00:18]} 22. Qf3 {[%emt 0:00:11]} Qc8 {[%emt 0:00:10]} 23. dxc5 {[%emt
0:00:06]} Qc7 {[%emt 0:00:11]} 24. Re1 {[%emt 0:00:13]} Rxe1+ {[%emt 0:00:48]}
25. Bxe1 {[%emt 0:00:00]} bxc5 {[%emt 0:00:23]} 26. Qg3 {[%emt 0:00:47]} Qc8 {
[%emt 0:00:56]} 27. Qd3 {[%emt 0:00:12]} Qc7 {[%emt 0:00:13]} 28. Bd2 {[%emt 0:
00:12]} a6 {[%emt 0:00:06]} 29. Rb1 {[%emt 0:00:10]} g5 {[%emt 0:00:16]} 30.
Re1 {[%emt 0:00:43]} Nc6 {[%emt 0:00:04]} 31. Qg3 {[%emt 0:00:20]} Qxg3+ {
[%emt 0:00:06]} 32. fxg3 {[%emt 0:00:01]} Bxg3 {[%emt 0:00:02]} 33. Bxc6 {
[%emt 0:00:01]} Bxe1 {[%emt 0:00:03]} 34. Bxe1 {[%emt 0:00:00]} Rd3 {[%emt 0:
00:08]} 35. Kg2 {[%emt 0:00:08]} f5 {[%emt 0:00:07]} 36. gxf5 {[%emt 0:00:04]}
Rd1 {[%emt 0:00:04]} 37. Bf2 {[%emt 0:00:05]} Rc1 {[%emt 0:00:05]} 38. Bb7 {
[%emt 0:00:08]} a5 {[%emt 0:00:04]} 39. Bxc5 {[%emt 0:00:08]} Rxc3 {[%emt 0:00:
03]} 40. Ba6 {[%emt 0:00:12]} Rc2+ {[%emt 0:00:04]} 41. Kf3 {[%emt 0:00:02]} f6
{[%emt 0:00:10]} 42. Bb5 {[%emt 0:00:06]} Rc3+ {[%emt 0:00:06]} 43. Kg4 {[%emt
0:00:03]} Kf7 {[%emt 0:00:03]} 44. Bb6 {[%emt 0:00:02]} g6 {[%emt 0:00:09]} 45.
fxg6+ {[%emt 0:00:02]} Kxg6 {[%emt 0:00:04]} 46. Be8+ {[%emt 0:00:11]} Kg7 {
[%emt 0:00:02]} 47. c5 {[%emt 0:00:05]} Rc4+ {[%emt 0:00:06]} 48. Kf5 {[%emt 0:
00:02]} Rf4+ {[%emt 0:00:01]} 49. Ke6 {[%emt 0:00:00]} Re4+ {[%emt 0:00:01]}
50. Kd7 {[%emt 0:00:01]} f5 {[%emt 0:00:03]} 51. c6 {[%emt 0:00:08]} Kf8 {
[%emt 0:00:08]} 52. Bg6 {[%emt 0:00:02]} Re7+ {[%emt 0:00:03]} 53. Kd6 {[%emt
0:00:01]} f4 {[%emt 0:00:02]} 54. c7 {[%emt 0:00:06]} Rxc7 {[%emt 0:00:02]} 55.
Bxc7 {[%emt 0:00:09] '} g4 {[%emt 0:00:05]} 56. hxg4 {[%emt 0:00:03]} f3 {
[%emt 0:00:01]} 57. Bb6 {[%emt 0:00:03]} f2 {[%emt 0:00:01]} 58. Bxf2 {[%emt 0:
00:01] degondo abandonne} 1-0

[Event "T-Director's Swiss sytem"]
[Site "playchess.com #662980"]
[Date "2014.03.16"]
[Round "6"]
[White "Skobac"]
[Black "Adamavi"]
[Result "1-0"]
[WhiteElo "1664"]
[BlackElo "1438"]
[PlyCount "63"]
[EventDate "2014.03.16"]
[EventType "swiss (blitz)"]

1. d4 {[%emt 0:00:03]} c6 {[%emt 0:00:03]} 2. e3 {[%emt 0:00:02]} Nf6 {[%emt 0:
00:01]} 3. Bd3 {[%emt 0:00:01]} d5 {[%emt 0:00:02]} 4. h3 {[%emt 0:00:01]} g6 {
[%emt 0:00:03]} 5. f4 {[%emt 0:00:01]} Bg7 {[%emt 0:00:13]} 6. Nf3 {[%emt 0:00:
02]} Nbd7 {[%emt 0:00:08]} 7. Nbd2 {[%emt 0:00:03]} c5 {[%emt 0:00:34]} 8. c3 {
[%emt 0:00:03]} c4 {[%emt 0:00:04]} 9. Bc2 {[%emt 0:00:02]} Qb6 {[%emt 0:00:15]
} 10. O-O {[%emt 0:00:06]} O-O {[%emt 0:00:05]} 11. Ne5 {[%emt 0:00:01]} a6 {
[%emt 0:00:28]} 12. a4 {[%emt 0:00:03]} Qc7 {[%emt 0:00:12]} 13. a5 {[%emt 0:
00:02]} b6 {[%emt 0:00:21]} 14. axb6 {[%emt 0:00:05]} Nxb6 {[%emt 0:00:04]} 15.
f5 {[%emt 0:00:10]} Nbd7 {[%emt 0:00:35]} 16. Nxd7 {[%emt 0:00:16]} Bxd7 {
[%emt 0:00:12]} 17. fxg6 {[%emt 0:00:01]} hxg6 {[%emt 0:00:05]} 18. Nf3 {[%emt
0:00:01]} Qg3 {[%emt 0:00:29]} 19. Bd2 {[%emt 0:00:14]} Ne4 {[%emt 0:00:26]}
20. Be1 {[%emt 0:00:10]} Qc7 {[%emt 0:00:26]} 21. Bxe4 {[%emt 0:00:06]} dxe4 {
[%emt 0:00:02]} 22. Nd2 {[%emt 0:00:04]} Bf5 {[%emt 0:00:16]} 23. Qe2 {[%emt 0:
00:01]} Rfc8 {[%emt 0:00:16]} 24. Ra4 {[%emt 0:00:03]} Rab8 {[%emt 0:00:18]}
25. Rxc4 {[%emt 0:00:03]} Qb6 {[%emt 0:00:05]} 26. b4 {[%emt 0:00:11] .} Rxc4 {
[%emt 0:00:03]} 27. Nxc4 {[%emt 0:00:01]} Qb5 {[%emt 0:00:01]} 28. Rf2 {[%emt
0:00:06]} Be6 {[%emt 0:00:02]} 29. Na3 {[%emt 0:00:05]} Qa4 {[%emt 0:00:02]}
30. Qb2 {[%emt 0:00:08]} a5 {[%emt 0:00:06]} 31. b5 {[%emt 0:00:03]} Bd7 {
[%emt 0:00:04]} 32. c4 {[%emt 0:00:02] Time} 1-0

[Event "T-Director's Swiss sytem"]
[Site "playchess.com #662980"]
[Date "2014.03.16"]
[Round "2"]
[White "Skobac"]
[Black "BDGfan"]
[Result "1-0"]
[WhiteElo "1688"]
[BlackElo "1161"]
[PlyCount "39"]
[EventDate "2014.03.16"]
[EventType "swiss (blitz)"]

1. e4 {[%emt 0:00:02]} e5 {[%emt 0:00:05]} 2. Nf3 {[%emt 0:00:02]} Nc6 {[%emt
0:00:02]} 3. Bc4 {[%emt 0:00:04]} Nf6 {[%emt 0:00:07]} 4. O-O {[%emt 0:00:03]}
Bc5 {[%emt 0:00:03]} 5. h3 {[%emt 0:00:37]} Nxe4 {[%emt 0:00:04]} 6. Nxe5 {
[%emt 0:00:19]} Nxe5 {[%emt 0:00:03]} 7. Bd5 {[%emt 0:00:11]} Nf6 {[%emt 0:00:
13]} 8. Bb3 {[%emt 0:00:27]} O-O {[%emt 0:00:02]} 9. d4 {[%emt 0:00:03]} Bd6 {
[%emt 0:00:41]} 10. dxe5 {[%emt 0:00:04]} Bxe5 {[%emt 0:00:01]} 11. c3 {[%emt
0:00:06]} d5 {[%emt 0:00:01]} 12. Bg5 {[%emt 0:00:05]} Qd6 {[%emt 0:00:06]} 13.
f4 {[%emt 0:00:05]} Qb6+ {[%emt 0:00:15]} 14. Kh1 {[%emt 0:00:05]} Bd6 {[%emt
0:00:08]} 15. Bxf6 {[%emt 0:00:02]} gxf6 {[%emt 0:00:04]} 16. Nd2 {[%emt 0:00:
28]} Bf5 {[%emt 0:00:02]} 17. Qh5 {[%emt 0:00:18]} Qe3 {[%emt 0:00:08]} 18.
Qxf5 {[%emt 0:00:08]} Qxd2 {[%emt 0:00:09]} 19. Bc2 {[%emt 0:00:03]} Qxf4 {
[%emt 0:00:31]} 20. Qxh7# {[%emt 0:00:07]} 1-0

[Event "T-Director's Swiss sytem"]
[Site "playchess.com #662980"]
[Date "2014.03.16"]
[Round "4"]
[White "Skobac"]
[Black "Strongpoint"]
[Result "1-0"]
[WhiteElo "1685"]
[BlackElo "1080"]
[PlyCount "39"]
[EventDate "2014.03.16"]
[EventType "swiss (blitz)"]

1. e4 {[%emt 0:00:01]} e5 {[%emt 0:00:05]} 2. Nf3 {[%emt 0:00:02]} d6 {[%emt 0:
00:01]} 3. Bc4 {[%emt 0:00:02]} f5 {[%emt 0:00:07]} 4. exf5 {[%emt 0:00:07]}
Bxf5 {[%emt 0:00:03]} 5. h3 {[%emt 0:00:05]} Nf6 {[%emt 0:00:09]} 6. d3 {[%emt
0:00:09]} d5 {[%emt 0:00:08]} 7. Bb3 {[%emt 0:00:08]} Nbd7 {[%emt 0:00:03]} 8.
Bg5 {[%emt 0:00:04]} Be7 {[%emt 0:00:11]} 9. Nbd2 {[%emt 0:00:16]} O-O {[%emt
0:00:03]} 10. Qe2 {[%emt 0:00:05]} h6 {[%emt 0:00:15]} 11. Bxf6 {[%emt 0:00:07]
} Bxf6 {[%emt 0:00:14]} 12. Bxd5+ {[%emt 0:00:03]} Kh8 {[%emt 0:00:05]} 13.
O-O-O {[%emt 0:00:29]} c6 {[%emt 0:00:03]} 14. Bb3 {[%emt 0:00:04]} Qb6 {[%emt
0:00:08]} 15. Ne4 {[%emt 0:00:03]} Qa5 {[%emt 0:00:00]} 16. Nxf6 {[%emt 0:00:
09]} gxf6 {[%emt 0:00:07]} 17. g4 {[%emt 0:00:05]} Bg6 {[%emt 0:00:08]} 18. Nh4
{[%emt 0:00:03]} Be8 {[%emt 0:00:12]} 19. Qe3 {[%emt 0:00:14]} Kh7 {[%emt 0:00:
15]} 20. Nf5 {[%emt 0:00:07] Strongpoint abandonne} 1-0

[Event "T-Director's Swiss sytem"]
[Site "playchess.com #662980"]
[Date "2014.03.16"]
[Round "1"]
[White "Strongpoint"]
[Black "Bozo333"]
[Result "0-1"]
[WhiteElo "1049"]
[BlackElo "1839"]
[PlyCount "104"]
[EventDate "2014.03.16"]
[EventType "swiss (blitz)"]

1. e4 {[%emt 0:01:05]} e6 {[%emt 0:00:02]} 2. Nf3 {[%emt 0:00:02]} d5 {[%emt 0:
00:01]} 3. exd5 {[%emt 0:00:03]} exd5 {[%emt 0:00:01]} 4. d4 {[%emt 0:00:02]}
Bd6 {[%emt 0:00:01]} 5. Be3 {[%emt 0:00:03]} Ne7 {[%emt 0:00:01]} 6. c4 {[%emt
0:00:05]} c6 {[%emt 0:00:02]} 7. Nc3 {[%emt 0:00:02]} Be6 {[%emt 0:00:03]} 8.
c5 {[%emt 0:00:07]} Bc7 {[%emt 0:00:01]} 9. Bd3 {[%emt 0:00:04]} h6 {[%emt 0:
00:01]} 10. O-O {[%emt 0:00:03]} Na6 {[%emt 0:00:02]} 11. a3 {[%emt 0:00:06]}
Qd7 {[%emt 0:00:01]} 12. b4 {[%emt 0:00:03]} Bf5 {[%emt 0:00:03]} 13. Bxa6 {
[%emt 0:00:04]} bxa6 {[%emt 0:00:03]} 14. Qb3 {[%emt 0:00:05]} Bd3 {[%emt 0:00:
05]} 15. Rfd1 {[%emt 0:00:04]} Bc4 {[%emt 0:00:02]} 16. Qb2 {[%emt 0:00:03]}
O-O {[%emt 0:00:02]} 17. a4 {[%emt 0:00:03]} Rab8 {[%emt 0:00:02]} 18. Rab1 {
[%emt 0:00:08]} Qg4 {[%emt 0:00:03]} 19. h3 {[%emt 0:00:08]} Qh5 {[%emt 0:00:
02]} 20. Nh2 {[%emt 0:00:08]} f5 {[%emt 0:00:06]} 21. Qd2 {[%emt 0:00:08]} f4 {
[%emt 0:00:06]} 22. Bxf4 {[%emt 0:00:13]} Bxf4 {[%emt 0:00:03]} 23. Qc2 {[%emt
0:00:07]} Bc7 {[%emt 0:00:13]} 24. Ne2 {[%emt 0:00:05]} Qxe2 {[%emt 0:00:04]}
25. Qxe2 {[%emt 0:00:03]} Bxe2 {[%emt 0:00:01]} 26. Re1 {[%emt 0:00:04]} Bd3 {
[%emt 0:00:01]} 27. Rbd1 {[%emt 0:00:07]} Be4 {[%emt 0:00:09]} 28. f3 {[%emt 0:
00:03]} Bg3 {[%emt 0:00:01]} 29. Re2 {[%emt 0:00:05]} Ng6 {[%emt 0:00:34]} 30.
fxe4 {[%emt 0:00:05]} dxe4 {[%emt 0:00:03]} 31. Rxe4 {[%emt 0:00:06]} Bf2+ {
[%emt 0:00:28]} 32. Kh1 {[%emt 0:00:06]} Rxb4 {[%emt 0:00:10]} 33. Nf3 {[%emt
0:00:05]} Rxa4 {[%emt 0:00:17]} 34. Re6 {[%emt 0:00:08]} Nf4 {[%emt 0:00:09]}
35. Rxc6 {[%emt 0:00:08]} Bg3 {[%emt 0:00:15]} 36. Rc7 {[%emt 0:00:16]} Ra2 {
[%emt 0:00:03]} 37. Nd2 {[%emt 0:00:20]} Nxh3 {[%emt 0:00:05]} 38. gxh3 {[%emt
0:00:09]} Bxc7 {[%emt 0:00:02]} 39. d5 {[%emt 0:00:09]} Rf2 {[%emt 0:00:07]}
40. Ne4 {[%emt 0:00:08]} Rh2+ {[%emt 0:00:05]} 41. Kg1 {[%emt 0:00:03]} Rhg2+ {
[%emt 0:00:08]} 42. Kf1 {[%emt 0:00:05]} Rh2 {[%emt 0:00:02]} 43. Kg1 {[%emt 0:
00:03]} Rhe2 {[%emt 0:00:05]} 44. d6 {[%emt 0:00:04]} Bd8 {[%emt 0:00:07]} 45.
c6 {[%emt 0:00:13]} Bb6+ {[%emt 0:00:02]} 46. Kf1 {[%emt 0:00:09]} Rxe4 {[%emt
0:00:09]} 47. d7 {[%emt 0:00:09]} Rf4+ {[%emt 0:00:15]} 48. Ke1 {[%emt 0:00:07]
} Ba5+ {[%emt 0:00:02]} 49. Rd2 {[%emt 0:00:10]} Rxd2 {[%emt 0:00:04]} 50. c7 {
[%emt 0:00:09]} Rxd7+ {[%emt 0:00:05]} 51. Ke2 {[%emt 0:00:03]} Rxc7 {[%emt 0:
00:02]} 52. Kd3 {[%emt 0:00:04]} Rh4 {[%emt 0:00:03] Strongpoint abandonne} 0-1

[Event "T-Director's Swiss sytem"]
[Site "playchess.com #662980"]
[Date "2014.03.16"]
[Round "8"]
[White "Strongpoint"]
[Black "Kpakpa"]
[Result "1-0"]
[WhiteElo "1071"]
[BlackElo "1268"]
[PlyCount "115"]
[EventDate "2014.03.16"]
[EventType "swiss (blitz)"]

1. e4 {[%emt 0:00:03]} e5 {[%emt 0:00:04]} 2. Nf3 {[%emt 0:00:01]} Nf6 {[%emt
0:00:17]} 3. d4 {[%emt 0:00:10]} Nxe4 {[%emt 0:00:23]} 4. dxe5 {[%emt 0:00:05]}
Bb4+ {[%emt 0:00:34]} 5. c3 {[%emt 0:00:04]} Ba5 {[%emt 0:00:15]} 6. Be3 {
[%emt 0:00:05]} O-O {[%emt 0:00:17]} 7. Qc2 {[%emt 0:00:05]} d5 {[%emt 0:00:18]
} 8. Bd3 {[%emt 0:00:06]} f5 {[%emt 0:00:24]} 9. O-O {[%emt 0:00:18]} Nc6 {
[%emt 0:00:10]} 10. b4 {[%emt 0:00:11]} Bb6 {[%emt 0:00:19]} 11. Bxb6 {[%emt 0:
00:05]} axb6 {[%emt 0:00:04]} 12. b5 {[%emt 0:00:04]} Ne7 {[%emt 0:00:10]} 13.
Nd4 {[%emt 0:00:07]} c6 {[%emt 0:00:09]} 14. f3 {[%emt 0:00:19]} Nc5 {[%emt 0:
00:33]} 15. Nd2 {[%emt 0:00:31]} Bd7 {[%emt 0:00:02]} 16. bxc6 {[%emt 0:00:52]}
bxc6 {[%emt 0:00:04]} 17. a4 {[%emt 0:00:31]} Nxd3 {[%emt 0:00:04]} 18. Qxd3 {
[%emt 0:00:05]} c5 {[%emt 0:00:02]} 19. Nb5 {[%emt 0:00:14]} c4 {[%emt 0:00:04]
} 20. Qd4 {[%emt 0:00:09]} Bxb5 {[%emt 0:00:07]} 21. axb5 {[%emt 0:00:05]} Qc7
{[%emt 0:00:04]} 22. f4 {[%emt 0:00:10]} Kf7 {[%emt 0:00:12]} 23. Ra6 {[%emt 0:
00:35]} Rfb8 {[%emt 0:00:07]} 24. Rfa1 {[%emt 0:00:05]} Rxa6 {[%emt 0:00:02]}
25. bxa6 {[%emt 0:00:11]} Ra8 {[%emt 0:00:12]} 26. g3 {[%emt 0:00:04]} Qc6 {
[%emt 0:00:05]} 27. Nf3 {[%emt 0:00:08]} Qc5 {[%emt 0:00:08]} 28. Ng5+ {[%emt
0:00:08]} Kg8 {[%emt 0:00:06]} 29. Ne6 {[%emt 0:00:05]} Qxd4+ {[%emt 0:00:05]}
30. Nxd4 {[%emt 0:00:06]} Kf7 {[%emt 0:00:03]} 31. Kf2 {[%emt 0:00:05]} Ra7 {
[%emt 0:00:09]} 32. Nb5 {[%emt 0:00:03]} Ra8 {[%emt 0:00:05]} 33. a7 {[%emt 0:
00:05]} Nc6 {[%emt 0:00:03]} 34. Ke3 {[%emt 0:00:05]} Ke7 {[%emt 0:00:05]} 35.
h3 {[%emt 0:00:01]} Kd7 {[%emt 0:00:06]} 36. g4 {[%emt 0:00:03]} g6 {[%emt 0:
00:04]} 37. gxf5 {[%emt 0:00:05]} gxf5 {[%emt 0:00:02]} 38. h4 {[%emt 0:00:03]}
h6 {[%emt 0:00:02]} 39. h5 {[%emt 0:00:02]} Kc8 {[%emt 0:00:03]} 40. Rg1 {
[%emt 0:00:04]} Nxa7 {[%emt 0:00:09] '} 41. Rg6 {[%emt 0:00:01]} Kb7 {[%emt 0:
00:02]} 42. Rg7+ {[%emt 0:00:02]} Ka6 {[%emt 0:00:02]} 43. Nxa7 {[%emt 0:00:02]
} Rxa7 {[%emt 0:00:01]} 44. Rxa7+ {[%emt 0:00:01]} Kxa7 {[%emt 0:00:01]} 45. e6
{[%emt 0:00:02]} Kb7 {[%emt 0:00:04]} 46. Kd4 {[%emt 0:00:01]} Kc7 {[%emt 0:00:
01]} 47. Kxd5 {[%emt 0:00:01]} b5 {[%emt 0:00:02]} 48. Ke5 {[%emt 0:00:02]} b4
{[%emt 0:00:03]} 49. Kf6 {[%emt 0:00:02]} Kd8 {[%emt 0:00:02]} 50. Kf7 {[%emt
0:00:01]} bxc3 {[%emt 0:00:03]} 51. e7+ {[%emt 0:00:00]} Kc7 {[%emt 0:00:02]}
52. e8=Q {[%emt 0:00:01]} Kb6 {[%emt 0:00:01]} 53. Qe6+ {[%emt 0:00:01]} Kc5 {
[%emt 0:00:02]} 54. Qc8+ {[%emt 0:00:02]} Kd4 {[%emt 0:00:01]} 55. Qxf5 {[%emt
0:00:02]} Ke3 {[%emt 0:00:04]} 56. Qc2 {[%emt 0:00:02] Kpakpa reconnected.} Kd4
{[%emt 0:00:09]} 57. Qd1+ {[%emt 0:00:10] .} Kc5 {[%emt 0:00:02]} 58. Qc2 {
[%emt 0:00:01] Temps} 1-0